Kasih ibu makin pilu

Bibliographic Details
Main Author: W.S Uzala
Corporate Author: Title
Format: Book
Published: Kuala Lumpur : Sama Publications and Distributors , 2005
Series:Siri cerita mitos
Subjects:

MARC

LEADER 00000cam a2200000 7i4500
001 0000000775
005 20151222.0
008 070703
020 |a 9679389987(set) 
020 |a 9679389995 
090 0 0 |a JF   |b MAL (466) 
100 0 |a W.S Uzala 
245 1 0 |a Kasih ibu makin pilu   |c W.S Uzala 
260 |a Kuala Lumpur :   |b Sama Publications and Distributors ,   |c 2005 
440 |a Siri cerita mitos 
500 |a Children ages 7-9 years old (orange) 
650 0 |a Junior fiction   |x Malay   |x Languages 
710 0 |a Title 
999 |a 0000918339   |b Book   |c Children Collection   |e Cawangan Bukit Gambir 
999 |a 0000918341   |b Book   |c Children Collection   |e Cawangan Bukit Gambir 
999 |a 0000927526   |b Book   |c Children Collection   |e Cawangan Tangkak 
999 |a 0000927527   |b Book   |c Children Collection   |e Cawangan Tangkak 
999 |a 0000959137   |b Book   |c Children Collection   |e Perbadanan Perpustakaan Awam Johor 
999 |a 0000959138   |b Book   |c Children Collection   |e Cawangan Tangkak 
999 |a 0000959139   |b Book   |c Children Collection   |e Perbadanan Perpustakaan Awam Johor 
999 |a 0000959140   |b Book   |c Children Collection   |e Cawangan Segamat 
999 |a 0000959141   |b Book   |c Children Collection   |e Perbadanan Perpustakaan Awam Johor